000 00479nam a22001817a 4500
999 _c3697
_d3697
003 GBCCL
005 20241126110501.0
008 171205b xxu||||| |||| 00| 0 eng d
020 _a8172146892
040 _cgbc
082 _a223.906
_bANB
100 _aAnbalagan, T. Job
_97324
245 _aThe voice of my beloved /
_cT. Job Anbalagan
260 _aDelhi:
_bISPCK,
_c2002
300 _a136p.;
_c20 cm.
650 _aBible
_vOld Testament
_xSong of songs
_97547
942 _2ddc
_cBK